00825nam a2200265Ia 4500003000400000005001700004008004100021020001500062040000700077041001200084082001900096100002200115245005600137250000600193260005400199300001000253365001300263440000600276650002200282650003000304906005400334942001200388999001900400952014000419OSt20250726171516.0210423s2002 xx 000 0 und d a8173915156 cAL aEnglish a307.762 bMETP aMehta G S9113815 aParticipation of women in the panchayati raj system a1 aNew DelhibKanishka Publishers Distributorsc2002 avi,32 b450cINR v1 aSociology9113816 aUrban Communities9113817 apanchayati ; Participation ; raj ; system ; women 2ddccBK c173191d173191 001040708MSWaSACPGbSACPGd2002-08-16eSaraswathi Publisherg450.00l0o307.762 METPpPG019770r2022-08-24 00:00:00w2021-04-26yBK